| 000 | 01112nam a22002417a 4500 | ||
|---|---|---|---|
| 005 | 20110913152830.0 | ||
| 008 | 110913t xxu||||| |||| 00| 0 mar d | ||
| 010 | _aMAR-21449 | ||
| 020 |
_c150.00 _a9788184980042 |
||
| 035 | _aMR-14107 | ||
| 037 | _bDBAD/PUB | ||
| 040 |
_aDPL _bMR |
||
| 082 | _a823 | ||
| 100 |
_934729 _aफान,नॅन्सी यी |
||
| 245 |
_aशांतिदूत / _cनॅन्सी यी फान ; मंजूषा आमडेकर द्वारा अनुवादित |
||
| 246 |
_aShantidut _bby Nancy Yi Fan |
||
| 260 |
_aपुणे _bमेहता पब्लिशिग हाऊस _c2009 |
||
| 270 |
_bपुणे _a1941,सदाशिव पेठ,माडीवाले कॉलनी _e411030 |
||
| 300 |
_a179पृ. _c22सेमी(अजिल्द) |
||
| 700 |
_aआमडेकर,मंजूषा _935554 |
||
| 942 |
_2ddc _cMR _mफाननॅ _h823 |
||
| 999 |
_c57739 _d57739 |
||